Text book of fluid mechanics (Record no. 10484)

000 -LEADER
fixed length control field 00445nam a22001817a 4500
001 - CONTROL NUMBER
control field 10484
003 - CONTROL NUMBER IDENTIFIER
control field BD-DhUET
008 - FIXED-LENGTH DATA ELEMENTS--GENERAL INFORMATION
fixed length control field 150207b xxu||||| |||| 00| 0 eng d
040 ## - CATALOGING SOURCE
Original cataloging agency DLC
Transcribing agency DLC
Modifying agency BD-DhUET
082 ## - DEWEY DECIMAL CLASSIFICATION NUMBER
Classification number 620.1113
Item number KHU/1987
100 ## - MAIN ENTRY--PERSONAL NAME
Personal name Khurmi, R. S.
245 ## - TITLE STATEMENT
Title Text book of fluid mechanics
250 ## - EDITION STATEMENT
Edition statement 14th ed.
260 ## - PUBLICATION, DISTRIBUTION, ETC. (IMPRINT)
Place of publication, distribution, etc. New York
Name of publisher, distributor, etc. S.Chand & Company
Date of publication, distribution, etc. 1987
300 ## - PHYSICAL DESCRIPTION
Extent 639p.
650 #0 - SUBJECT ADDED ENTRY--TOPICAL TERM
Topical term or geographic name as entry element Mechanics of Fluids
942 ## - ADDED ENTRY ELEMENTS (KOHA)
Koha item type General Book
Holdings
Price effective from Koha normalized classification for sorting Koha full call number Date acquired Koha date last borrowed Location (home branch) Piece designation (barcode) Damaged status Source of classification or shelving scheme Koha date last seen Shelving location Sublocation or collection (holding branch) Lost status Koha item type Koha issues (times borrowed) Copy number Not for loan Withdrawn status
2015-02-07620_111300000000000_KHU_1987620.1113/KHU/19872015-02-072019-10-15Central Library, BUET67950  2021-10-03Circulation sectionCentral Library, BUET General Book21  
2015-02-07620_111300000000000_KHU_1987620.1113/KHU/19872015-02-07 Central Library, BUET67948  2016-12-17Circulation sectionCentral Library, BUET General Book 2  
2015-04-22620_111300000000000_KHU_1987620.1113/KHU/19872015-04-222017-08-19Central Library, BUET67946  2019-04-24Circulation sectionCentral Library, BUET General Book13